Taylor Swift - Everything Has Changed (Ft. Ed Sheeran) Lyrics - Statistics

General Stats
  • This quiz has been taken 265 times
    247 since last reset
  • The average score is 337 of 386
Answer Stats
Answer % Correct
I
99%
you
99%
changed
97%
Everything
97%
everything
97%
has
97%
a
96%
All
95%
all
95%
Is
94%
is
94%
know
94%
Know
94%
when
94%
And
93%
and
93%
be
92%
the
92%
The
92%
your
92%
like
90%
now
89%
better
88%
hello
87%
eyes
86%
just
86%
said
86%
wanna
86%
home
85%
me
85%
we
85%
knew
84%
look
84%
coming
83%
simple
83%
since
83%
this
83%
door
82%
that
82%
my
81%
yesterday
81%
for
80%
I'll
80%
In
80%
in
80%
feel
79%
it's
79%
morning
79%
You'll
79%
before
78%
of
78%
something
78%
'Cause
77%
didn't
77%
held
77%
mine
77%
woke
77%
yours
77%
But
75%
up
75%
mind
74%
I've
73%
back
72%
not
72%
smile
72%
time
72%
makin'
71%
seen
70%
freckles
69%
green
69%
hours
68%
tell
68%
there
68%
why
68%
ago
67%
Come
67%
eighteen
67%
making
67%
name
67%
let
65%
butterflies
64%
blue
63%
I'm
63%
open
62%
down
61%
feeling
61%
missed
61%
stomach
60%
beautiful
59%
lost
59%
kind
57%
tonight
57%
meet
56%
painted
56%
take
56%
'em
55%
walls
53%
tall
49%
stood
47%
Takin'
45%
flight
39%
No matching quizzes found
Score Distribution
Percent of People with Each Score
Percentile by Number Answered
Your Score History
You have not taken this quiz since the last reset